000 00693nam a2200241Ia 4500
003 OSt
005 20230417163048.0
008 210423s2010 xx 000 0 und d
020 _a9780872897786
040 _cAL
041 _aeng
082 _a324.730973
_223
_bWESD
100 _aWEST (Darrell M)
_989522
245 _aAir wars: television advertising in election campaigns 1952-2008
250 _a5
260 _aWashington
_bCQ Press
_c2010
300 _axv,240
_bPB
365 _b2161
_cINR
650 _aPolitical Process
_989523
650 _aPolitical Science
_989524
906 _a1952-2008 ; advertising ; Air ; campaigns ; election ; television ; wars:
942 _2ddc
_cBK
999 _c160588
_d160588